Interchanges of insects between agricultural and surrounding landscapes

Đã lưu trong:
书目详细资料
主要作者: Ekbom, Barbara
格式: 图书
语言:Undetermined
出版: Dordrecht, The Netherlands Kluwer Academic Publishers 2000
主题:
标签: 添加标签
没有标签, 成为第一个标记此记录!
Thư viện lưu trữ: Trung tâm Học liệu Trường Đại học Cần Thơ
LEADER 00595nam a2200193Ia 4500
001 CTU_64580
008 210402s9999 xx 000 0 und d
020 |b 1752000 
082 |a 630.257775 
082 |b I.61 
100 |a Ekbom, Barbara 
245 0 |a Interchanges of insects between agricultural and surrounding landscapes 
245 0 |c Barbara Ekbom [...et al.] 
260 |a Dordrecht, The Netherlands 
260 |b Kluwer Academic Publishers 
260 |c 2000 
650 |a Agricultural ecology,Biodiversity 
904 |i Minh 
980 |a Trung tâm Học liệu Trường Đại học Cần Thơ